[Event "9eme Open International de La Fere"]
[Site "La Fere (FRA)"]
[Date "2010.07.03"]
[Round "1.33"]
[White "Lorente, Philippe"]
[Black "Vernadet, Cyril"]
[Result "1-0"]
[WhiteElo "1632"]
[BlackElo "1750"]
[PlyCount "103"]
[EventDate "2010.??.??"]

1. d4 d5 2. c4 c6 3. Nf3 Bf5 4. cxd5 cxd5 5. Nc3 e6 6. Qb3 Qc7 7. e3 Nc6 8. Bd2
Nf6 9. Rc1 Bd6 10. Nb5 Qd7 11. Nxd6+ Qxd6 12. Qxb7 O-O 13. Rxc6 Rab8 14. Qa6
Qe7 15. Bb5 Qb7 16. a4 Qxa6 17. Rxa6 Rfc8 18. O-O Rc2 19. Rxa7 Rxb2 20. Ba5 h6
21. Bc7 Rc8 22. Ba6 Re8 23. a5 Kh7 24. Rb7 Ra2 25. Bb5 Ra8 26. a6 Ne4 27. Bb8
Nc3 28. a7 Rb2 29. Ba6 Ra2 30. Rb6 Bg4 31. h3 Bxf3 32. gxf3 h5 33. Bb7 R8xa7
34. Bxa7 Rxa7 35. Ba6 Na4 36. Bd3+ g6 37. Ra6 Rxa6 38. Bxa6 Kg7 39. e4 Nb6 40.
Rb1 Nd7 41. Rb7 Nf6 42. e5 Nh7 43. f4 g5 44. Bd3 Nf8 45. fxg5 h4 46. g6 Kg8 47.
gxf7+ Kg7 48. f4 Kh8 49. f5 Kg7 50. Re7 Nh7 51. f6+ Kf8 52. Re8+ 1-0

[Event "9eme Open International de La Fere"]
[Site "La Fere (FRA)"]
[Date "2010.07.03"]
[Round "1.34"]
[White "Dagnicourt, Francis"]
[Black "Pruvost, Alain"]
[Result "1-0"]
[WhiteElo "1748"]
[BlackElo "1623"]
[PlyCount "57"]
[EventDate "2010.??.??"]

1. d4 c5 2. d5 Nf6 3. c4 Ne4 4. Qd3 Qa5+ 5. Nd2 f5 6. f3 Nd6 7. e4 g6 8. e5 Nf7
9. f4 b5 10. cxb5 a6 11. b6 Qb4 12. Qc4 Qxb6 13. Nb3 Qb4+ 14. Bd2 Qxc4 15. Bxc4
d6 16. e6 Nd8 17. Bc3 Rg8 18. Nf3 Bg7 19. h3 Bxc3+ 20. bxc3 a5 21. Bb5+ Kf8 22.
a4 Ra7 23. Kd2 Nb7 24. g4 fxg4 25. hxg4 Kg7 26. Ng5 Rh8 27. f5 h5 28. Nf7 Rh7
29. fxg6 1-0

[Event "9eme Open International de La Fere"]
[Site "La Fere (FRA)"]
[Date "2010.07.03"]
[Round "1.35"]
[White "Fauchart, Francois"]
[Black "Debevere, Francois-Xavier"]
[Result "0-1"]
[WhiteElo "1608"]
[BlackElo "1740"]
[PlyCount "100"]
[EventDate "2010.??.??"]

1. d4 d5 2. Nf3 Nc6 3. Bf4 Nf6 4. h3 Bf5 5. c3 e6 6. e3 a6 7. Nbd2 Bd6 8. Ne5
Bxe5 9. dxe5 Nd7 10. Nf3 Be4 11. Ng5 Bg6 12. Nf3 Bh5 13. g4 Bg6 14. Bd3 Bxd3
15. Qxd3 Nc5 16. Qc2 f6 17. b4 Nd7 18. Nd4 Nxd4 19. exd4 fxe5 20. dxe5 Qe7 21.
O-O c5 22. a3 O-O 23. Bg3 Rf3 24. Kg2 Raf8 25. Rad1 c4 26. Rfe1 Qf7 27. Re2 b5
28. Rde1 Nb6 29. Qd2 Na4 30. Re3 d4 31. Qxd4 Qb7 32. Rxf3 Qxf3+ 33. Kh2 Qxc3
34. Qxc3 Nxc3 35. Rc1 Nd5 36. Kg2 Nf4+ 37. Bxf4 Rxf4 38. Rc3 Re4 39. Kf3 Rxe5
40. Kf4 Rd5 41. Ke4 Kf7 42. f4 Rd1 43. Ke5 Rd3 44. Rc2 Rxa3 45. Kd6 Rf3 46. Ra2
Rxf4 47. Rxa6 c3 48. Ke5 Rc4 49. Ra7+ Kg6 50. g5 c2 0-1

[Event "9eme Open International de La Fere"]
[Site "La Fere (FRA)"]
[Date "2010.07.03"]
[Round "1.36"]
[White "Tivol, Thierry"]
[Black "Tawegoum, Ivan"]
[Result "1-0"]
[WhiteElo "1740"]
[BlackElo "1601"]
[PlyCount "76"]
[EventDate "2010.??.??"]

1. e4 c5 2. d4 cxd4 3. c3 e6 4. Nf3 Nc6 5. Bc4 h6 6. O-O Nf6 7. Qe2 Bc5 8. Rd1
O-O 9. cxd4 Be7 10. Nc3 d5 11. Bb3 Na5 12. Bc2 Re8 13. e5 Nd7 14. Qd3 g6 15.
Bxh6 Kh7 16. Bd2 Rh8 17. Ne2 Nc4 18. Bc3 Bg5 19. b3 Ne3 20. Bd2 Be7 21. Rac1 b6
22. Nf4 a5 23. Nxg6 Ba6 24. Qxe3 Kg7 25. Nxh8 Qxh8 26. Bd3 Bxd3 27. Qxd3 a4 28.
Rc7 Rd8 29. Bc1 axb3 30. axb3 b5 31. Ba3 Bxa3 32. Qxb5 Qe8 33. Ra1 Be7 34. Raa7
Nxe5 35. Qxe8 Nxf3+ 36. gxf3 Rxe8 37. Rxe7 Rxe7 38. Rxe7 Kf6 1-0

[Event "9eme Open International de La Fere"]
[Site "La Fere (FRA)"]
[Date "2010.07.03"]
[Round "1.37"]
[White "Caloone, Thomas"]
[Black "Brugge, Bruno"]
[Result "1/2-1/2"]
[WhiteElo "1599"]
[BlackElo "1730"]
[PlyCount "63"]
[EventDate "2010.??.??"]

1. e4 c5 2. Nf3 g6 3. Nc3 Bg7 4. Bc4 Nc6 5. O-O d6 6. h3 Nf6 7. d3 O-O 8. Be3
a6 9. Qc1 Re8 10. Nd5 Nxd5 11. Bxd5 Bd7 12. Bg5 Qb6 13. c3 e6 14. Bb3 Qc7 15.
Qf4 Rac8 16. Bf6 Bxf6 17. Qxf6 Qd8 18. Qf4 Qe7 19. Ng5 Kg7 20. Nf3 b5 21. e5
dxe5 22. Nxe5 Nxe5 23. Qxe5+ Kg8 24. d4 c4 25. Bc2 Bc6 26. Be4 Qb7 27. Bxc6
Qxc6 28. Rfe1 Rcd8 29. Qf6 Rd5 30. Re5 Rxe5 31. Qxe5 Qd5 32. Re1 1/2-1/2

[Event "9eme Open International de La Fere"]
[Site "La Fere (FRA)"]
[Date "2010.07.03"]
[Round "1.38"]
[White "Oziol, Joris"]
[Black "Lever, Erwan"]
[Result "0-1"]
[WhiteElo "1730"]
[BlackElo "1595"]
[PlyCount "84"]
[EventDate "2010.??.??"]

1. c4 Nf6 2. Nc3 c5 3. Nf3 d6 4. g3 g6 5. Bg2 Bg7 6. O-O Nc6 7. d4 cxd4 8. Nxd4
Nxd4 9. Qxd4 O-O 10. Rb1 Bf5 11. Ra1 Ne4 12. Qe3 Nxc3 13. bxc3 Rb8 14. Bb2 b6
15. Be4 Bxe4 16. Qxe4 Qc7 17. Rac1 Rbc8 18. Rfe1 Bf6 19. Qf3 Qxc4 20. a3 Qc6
21. e4 Bg7 22. Qe2 Qc4 23. Qc2 Rc5 24. Re3 Bh6 25. f4 e5 26. Rf3 d5 27. Re1 d4
28. Qe2 dxc3 29. Bxc3 Qxe2 30. Rxe2 exf4 31. gxf4 Bxf4 32. Bb4 Bd6 33. Bxc5
Bxc5+ 34. Kg2 Re8 35. Rd3 f5 36. e5 a5 37. Rd7 Bxa3 38. h4 Re7 39. e6 Kg7 40.
Kf3 Kf6 41. Rxe7 Bxe7 42. Kf4 b5 0-1

[Event "9eme Open International de La Fere"]
[Site "La Fere (FRA)"]
[Date "2010.07.03"]
[Round "1.39"]
[White "Roux, Jean-Francois"]
[Black "Van Poucke, Philippe"]
[Result "0-1"]
[WhiteElo "1588"]
[BlackElo "1730"]
[PlyCount "134"]
[EventDate "2010.??.??"]

1. d4 d5 2. c4 c6 3. Nf3 Nf6 4. e3 g6 5. Be2 Bg7 6. O-O O-O 7. Nc3 Bg4 8. cxd5
Nxd5 9. h3 Bf5 10. Nh4 Bc8 11. e4 Nxc3 12. bxc3 b6 13. Nf3 Ba6 14. Be3 Bxe2 15.
Qxe2 Nd7 16. e5 c5 17. Qd2 Qc7 18. Rac1 Rad8 19. Rfd1 Nxe5 20. Nxe5 Bxe5 21.
Bh6 Rfe8 22. Qe3 Bf6 23. Bf4 Qc6 24. Be5 Qe6 25. Qg3 cxd4 26. Bxf6 Qxf6 27.
cxd4 Rxd4 28. Rxd4 Qxd4 29. Rc7 Qa1+ 30. Kh2 Qxa2 31. Qe3 e5 32. Qf3 a5 33. Qc6
Qe6 34. Qb5 e4 35. Rc6 Qe5+ 36. Qxe5 Rxe5 37. Rxb6 h5 38. Ra6 Kg7 39. Kg3 g5
40. h4 Rf5 41. hxg5 Rxg5+ 42. Kh3 Rf5 43. Kg3 f6 44. Re6 Re5 45. Ra6 Kg6 46.
Kf4 Rf5+ 47. Kxe4 Rxf2 48. Rxa5 Rxg2 49. Kf3 Rg4 50. Ra8 Rb4 51. Ra5 h4 52. Ra3
Kg5 53. Ra5+ f5 54. Ra8 Rb3+ 55. Kf2 Kg4 56. Rg8+ Kf4 57. Rh8 Rf3+ 58. Kg2 h3+
59. Kh2 Rg3 60. Rh4+ Kf3 61. Ra4 f4 62. Ra3+ Kg4 63. Ra8 Rg2+ 64. Kh1 f3 65.
Rg8+ Kf4 66. Rxg2 hxg2+ 67. Kg1 Ke3 0-1

[Event "9eme Open International de La Fere"]
[Site "La Fere (FRA)"]
[Date "2010.07.03"]
[Round "1.40"]
[White "Durot, Edwige"]
[Black "Descamps, Serge"]
[Result "1-0"]
[WhiteElo "1721"]
[BlackElo "1587"]
[PlyCount "87"]
[EventDate "2010.??.??"]

1. e4 c6 2. d4 d5 3. Nd2 e6 4. Ngf3 Ne7 5. Bd3 Ng6 6. Nb3 Nd7 7. Bd2 b6 8. exd5
exd5 9. Qe2+ Qe7 10. O-O Qxe2 11. Bxe2 Bd6 12. Rfe1 O-O 13. c3 Nf6 14. Bd3 Nf4
15. Bxf4 Bxf4 16. Ne5 Bd7 17. g3 Bxe5 18. Rxe5 Rfe8 19. Rae1 a5 20. Nd2 Rxe5
21. Rxe5 b5 22. Nb3 Re8 23. Rxe8+ Bxe8 24. Nxa5 Kf8 25. f3 h6 26. Kf2 Ke7 27.
Bf5 Bd7 28. Bxd7 Kxd7 29. Ke3 g5 30. Nb7 Ne8 31. Nc5+ Kd6 32. Nd3 f6 33. h3 Ng7
34. f4 Nf5+ 35. Kf3 Ng7 36. fxg5 hxg5 37. h4 gxh4 38. gxh4 Ke6 39. Nb4 Kd6 40.
Kg4 c5 41. dxc5+ Kxc5 42. Nd3+ Kd6 43. h5 Ke6 44. h6 1-0

[Event "9eme Open International de La Fere"]
[Site "La Fere (FRA)"]
[Date "2010.07.03"]
[Round "1.41"]
[White "Van Poucke, Anthony"]
[Black "Eeckhout, Jean-Louis"]
[Result "0-1"]
[WhiteElo "1581"]
[BlackElo "1713"]
[PlyCount "114"]
[EventDate "2010.??.??"]

1. e4 c5 2. Nc3 a6 3. g3 d6 4. Bg2 Nc6 5. d3 e6 6. Be3 Qc7 7. Nf3 Nf6 8. Qd2 b5
9. O-O Bb7 10. Bf4 b4 11. Na4 e5 12. Bg5 Nd7 13. Bh3 Nb6 14. Nxb6 Qxb6 15. c3
h6 16. Be3 a5 17. a4 Bc8 18. Bxc8 Rxc8 19. Rab1 Be7 20. d4 Bf6 21. Rfd1 O-O 22.
d5 Ne7 23. c4 Qb7 24. b3 Qd7 25. Kg2 Qg4 26. Qd3 Ng6 27. h3 Qd7 28. Qd2 Kh7 29.
Rh1 Bd8 30. Rbg1 f5 31. exf5 Qxf5 32. Ne1 e4 33. Rf1 Bf6 34. f4 exf3+ 35. Rxf3
Qe4 36. Qd3 Qe7 37. Nc2 Rce8 38. Re1 Qe4 39. Qxe4 Rxe4 40. Bf4 Rxe1 41. Nxe1
Re8 42. Re3 Nxf4+ 43. Kf3 Rxe3+ 44. Kxe3 Nxh3 45. Nf3 Ng5 46. Nh2 Be5 47. Nf1
h5 48. Kf2 Kg6 49. Ne3 Bd4 50. Ke2 Bxe3 51. Kxe3 Kf5 52. Kf2 Kg4 53. Kg2 Ne4
54. Kh2 Nxg3 55. Kg1 g5 56. Kg2 Ne2 57. Kf2 Nd4 0-1

[Event "9eme Open International de La Fere"]
[Site "La Fere (FRA)"]
[Date "2010.07.03"]
[Round "1.42"]
[White "Henon, Eric"]
[Black "Paillard, Maximilien"]
[Result "0-1"]
[WhiteElo "1710"]
[BlackElo "1578"]
[PlyCount "124"]
[EventDate "2010.??.??"]

1. d4 e6 2. Nf3 d5 3. e3 Bd6 4. Bd3 Nd7 5. Nbd2 f5 6. c4 c6 7. O-O Ngf6 8. b3
O-O 9. Bb2 Ne4 10. Ne5 Qf6 11. f4 Qh6 12. Rf3 Nxe5 13. dxe5 Be7 14. Rh3 Qg6 15.
Nf3 Rd8 16. Be2 dxc4 17. Qc2 cxb3 18. Qxb3 Nd2 19. Nxd2 Rxd2 20. Rg3 Qe8 21.
Bd3 Bh4 22. Rf3 Qg6 23. g3 Qg4 24. Raf1 Qh3 25. R1f2 Rxf2 26. Rxf2 Be7 27. Ba3
c5 28. Qb5 Qh5 29. Bxc5 Bxc5 30. Qxc5 Qd1+ 31. Bf1 Bd7 32. Qd6 Qxd6 33. exd6
Rc8 34. Rb2 b6 35. Bg2 Kf7 36. e4 fxe4 37. Bxe4 g6 38. Kf2 Ke8 39. Ke3 Bc6 40.
Rc2 Kd7 41. Rd2 Bxe4 42. Kxe4 Rc6 43. Ke5 b5 44. a3 a5 45. Rd3 b4 46. axb4 axb4
47. h4 Rc3 48. Rd1 Rxg3 49. Ra1 Re3+ 50. Kd4 Ra3 51. Rc1 Kxd6 52. Rb1 Rh3 53.
Rxb4 Rxh4 54. Rb6+ Ke7 55. Rb7+ Kf6 56. Ke3 h5 57. Rb8 Rh1 58. Rb5 h4 59. Kf3
h3 60. Kg4 h2 61. Kg3 Rf1 62. Kxh2 Rxf4 0-1

[Event "9eme Open International de La Fere"]
[Site "La Fere (FRA)"]
[Date "2010.07.03"]
[Round "1.43"]
[White "Blondel, Francis"]
[Black "Brelot, Loic"]
[Result "0-1"]
[WhiteElo "1576"]
[BlackElo "1706"]
[PlyCount "70"]
[EventDate "2010.??.??"]

1. d4 d5 2. c4 e5 3. dxe5 d4 4. g3 Nc6 5. Nf3 Be6 6. Nbd2 Bb4 7. a3 Bxd2+ 8.
Nxd2 Nxe5 9. Bg2 c6 10. c5 Nf6 11. O-O Qd7 12. Ne4 Nxe4 13. Bxe4 Bh3 14. Re1 h5
15. Bf4 Ng4 16. Qd3 Nf6 17. e3 O-O-O 18. exd4 Nxe4 19. Qxe4 Rhe8 20. Qd3 Qd5
21. f3 g5 22. Be5 Rxe5 23. Rxe5 Qxe5 24. Rd1 Qd5 25. Qe2 Be6 26. Kf2 Qc4 27.
Qe3 g4 28. f4 Qd5 29. Qd2 Qf3+ 30. Kg1 Bd5 31. Rc1 Qh1+ 32. Kf2 Qg2+ 33. Ke1
Re8+ 34. Kd1 Bb3+ 35. Rc2 Qf1+ 0-1

[Event "9eme Open International de La Fere"]
[Site "La Fere (FRA)"]
[Date "2010.07.03"]
[Round "1.45"]
[White "Meuriot, Philippe"]
[Black "Huyet, Yannick"]
[Result "1/2-1/2"]
[WhiteElo "1561"]
[BlackElo "1700"]
[PlyCount "73"]
[EventDate "2010.??.??"]

1. e4 e6 2. d4 d5 3. e5 c5 4. c3 Nc6 5. Nf3 Qb6 6. Bd3 Bd7 7. Bc2 cxd4 8. cxd4
Bb4+ 9. Nc3 Nge7 10. a3 Bxc3+ 11. bxc3 O-O 12. O-O Na5 13. Bg5 Rfe8 14. Bxe7
Rxe7 15. Qd3 g6 16. Rab1 Qc7 17. Rfc1 Rc8 18. Bd1 Nc4 19. a4 a6 20. Nd2 b5 21.
axb5 Bxb5 22. Nxc4 Qxc4 23. Qxc4 Rxc4 24. Be2 Rc6 25. Bxb5 axb5 26. Rxb5 Rec7
27. Rb3 Ra6 28. Kf1 Ra2 29. Rb4 Kg7 30. g3 Rca7 31. Ke1 h5 32. h4 R7a3 33. Rb7
Ra4 34. Rb3 Rc4 35. Rb4 Rxb4 36. cxb4 Rb2 37. b5 1/2-1/2

[Event "9eme Open International de La Fere"]
[Site "La Fere (FRA)"]
[Date "2010.07.03"]
[Round "1.46"]
[White "Matschek, Norbert"]
[Black "Devaux, Jean-Marc"]
[Result "1-0"]
[WhiteElo "1683"]
[BlackElo "1560"]
[PlyCount "97"]
[EventDate "2010.??.??"]

1. e4 e6 2. d4 d5 3. exd5 exd5 4. Bd3 Nf6 5. h3 Nc6 6. c3 Be7 7. Nf3 Be6 8. O-O
Qd7 9. Ng5 Bf5 10. Re1 h6 11. Bxf5 Qxf5 12. Nf3 O-O 13. Nh4 Qd7 14. Qf3 Ne4 15.
Nf5 Bg5 16. Bxg5 Nxg5 17. Qg4 Kh7 18. Nxh6 Qxg4 19. Nxg4 Rae8 20. Nd2 Nb8 21.
Ne5 Re7 22. Nef3 Nxf3+ 23. Nxf3 Rfe8 24. Kf1 Nd7 25. Rxe7 Rxe7 26. Re1 Rxe1+
27. Kxe1 Kg6 28. Ke2 Nb6 29. b3 Nd7 30. Ke3 Kf6 31. Nd2 Kf5 32. g4+ Kg5 33.
Nf3+ Kg6 34. Kf4 f6 35. Nh4+ Kf7 36. Ng2 Nf8 37. Ne3 Ne6+ 38. Kg3 c6 39. h4 b6
40. f4 Nc7 41. f5 Nb5 42. Nd1 c5 43. dxc5 bxc5 44. a4 Nd6 45. Kf4 a5 46. Ne3 c4
47. bxc4 Nxc4 48. Nxc4 dxc4 49. Ke4 1-0

[Event "9eme Open International de La Fere"]
[Site "La Fere (FRA)"]
[Date "2010.07.03"]
[Round "1.48"]
[White "Gaubert, Virginie"]
[Black "Baret, Benoit"]
[Result "1-0"]
[WhiteElo "1674"]
[BlackElo "1550"]
[PlyCount "37"]
[EventDate "2010.??.??"]

1. c4 d5 2. cxd5 Qxd5 3. Nc3 Qa5 4. g3 Bg4 5. Bg2 c6 6. d3 e6 7. Bd2 Qc7 8. Nf3
Nf6 9. O-O Bd6 10. Rc1 Nbd7 11. a3 a6 12. b4 O-O 13. Qb3 b5 14. Be3 a5 15. Nxb5
Qb8 16. Nxd6 Qxd6 17. bxa5 Rxa5 18. Qc3 Nd5 19. Qxa5 1-0

[Event "9eme Open International de La Fere"]
[Site "La Fere (FRA)"]
[Date "2010.07.03"]
[Round "1.49"]
[White "Koechler, Thomas"]
[Black "Perche, Louis"]
[Result "1-0"]
[WhiteElo "1299"]
[BlackElo "1545"]
[PlyCount "79"]
[EventDate "2010.??.??"]

1. e4 c6 2. d4 d5 3. Nc3 dxe4 4. Nxe4 Bf5 5. Ng3 Bg6 6. Nf3 Nd7 7. Bf4 Ngf6 8.
Bc4 e6 9. O-O Be7 10. Qe2 O-O 11. Rad1 Nb6 12. Bb3 a5 13. a4 Nfd5 14. Bd2 Qc7
15. h4 h6 16. Ne5 Bh7 17. Nh5 Nf6 18. Rfe1 Nbd7 19. Bf4 Nxh5 20. Qxh5 Bd6 21.
Re3 Bxe5 22. dxe5 Rad8 23. Rg3 Bg6 24. Rxg6 fxg6 25. Bxe6+ Kh8 26. Rxd7 Rxd7
27. Qxg6 Rdd8 28. Bf5 Rxf5 29. Qxf5 Qd7 30. Qg6 Qe8 31. Qe4 Qe7 32. Be3 Rd5 33.
Bd4 Qb4 34. c3 Qxa4 35. e6 Qd1+ 36. Kh2 Qh5 37. Qf4 Qg6 38. e7 Rd7 39. Qf8+ Kh7
40. e8=Q 1-0

[Event "9eme Open International de La Fere"]
[Site "La Fere (FRA)"]
[Date "2010.07.03"]
[Round "1.51"]
[White "Tonneau, Bastien"]
[Black "Rouffignac, Marie"]
[Result "0-1"]
[WhiteElo "1270"]
[BlackElo "1537"]
[PlyCount "100"]
[EventDate "2010.??.??"]

1. c4 e6 2. Nf3 Nf6 3. Nc3 d5 4. d3 Nc6 5. g3 dxc4 6. dxc4 Qxd1+ 7. Nxd1 Bc5 8.
Be3 Bb4+ 9. Bd2 Bxd2+ 10. Nxd2 O-O 11. Bg2 Nd4 12. O-O Nxe2+ 13. Kh1 Rd8 14.
Ne4 Nxe4 15. Bxe4 Nd4 16. Nc3 c6 17. Rad1 e5 18. Ne2 Bh3 19. Rfe1 Nxe2 20. Bf3
Nd4 21. Bg2 Bxg2+ 22. Kxg2 f6 23. f4 exf4 24. gxf4 Nf5 25. Kh3 Rxd1 26. Rxd1
Re8 27. b3 Re3+ 28. Kg4 Nh6+ 29. Kh4 Kf7 30. f5 Nxf5+ 31. Kg4 Nh6+ 32. Kf4 Re2
33. Rd7+ Kg6 34. h4 Rxa2 35. h5+ Kxh5 36. Rxg7 Rf2+ 37. Kg3 Nf5+ 38. Kxf2 Nxg7
39. Kf3 a5 40. Ke4 b5 41. Kd4 bxc4 42. Kxc4 f5 43. Kc5 f4 44. Kxc6 f3 45. Kb5
f2 46. Kxa5 f1=Q 47. b4 Ne6 48. Kb6 Qc4 49. b5 Qc7+ 50. Ka6 Nc5# 0-1

[Event "9eme Open International de La Fere"]
[Site "La Fere (FRA)"]
[Date "2010.07.03"]
[Round "1.60"]
[White "Gosset, Hugo"]
[Black "Perche, Etienne"]
[Result "1-0"]
[WhiteElo "1400"]
[BlackElo "1170"]
[PlyCount "31"]
[EventDate "2010.??.??"]

1. e4 e5 2. Nf3 Nc6 3. Bc4 Nf6 4. d3 Bc5 5. Bg5 O-O 6. O-O Qe8 7. Nc3 Ng4 8. h3
Nf6 9. Bxf6 gxf6 10. Nh4 Kh8 11. Nd5 Qd8 12. Qf3 Rg8 13. Nxf6 Rg7 14. Nh5 Rg8
15. Qxf7 Qxh4 16. Qxg8# 1-0

[Event "9eme Open International de La Fere"]
[Site "La Fere (FRA)"]
[Date "2010.07.04"]
[Round "2.2"]
[White "Demanghon, Jonathan"]
[Black "Degraeve, Jean-Marc"]
[Result "0-1"]
[WhiteElo "2183"]
[BlackElo "2569"]
[PlyCount "53"]
[EventDate "2010.??.??"]

1. d4 d5 2. c4 c5 3. cxd5 Qxd5 4. Nf3 cxd4 5. Nc3 Qa5 6. Nxd4 Nf6 7. g3 e5 8.
Nb3 Qc7 9. Bg2 Bb4 10. O-O Bxc3 11. bxc3 O-O 12. Bg5 Nbd7 13. c4 h6 14. Bd2 a5
15. a4 Ra6 16. Qe1 b6 17. Rc1 Bb7 18. c5 Bxg2 19. Kxg2 Nxc5 20. Nxc5 bxc5 21.
Be3 c4 22. Qd1 Rc8 23. f3 Rc6 24. Rc3 Rd8 25. Qc1 Nd5 26. Rc2 c3 27. Rd1 0-1

[Event "9eme Open International de La Fere"]
[Site "La Fere (FRA)"]
[Date "2010.07.04"]
[Round "2.3"]
[White "Fomichenko, Eduard"]
[Black "Marchyllie, Bruno"]
[Result "1-0"]
[WhiteElo "2458"]
[BlackElo "2131"]
[PlyCount "81"]
[EventDate "2010.??.??"]

1. Nf3 Nc6 2. d4 d6 3. d5 Nb8 4. c4 e5 5. e4 g6 6. Nc3 Bg7 7. Be2 Nh6 8. O-O
O-O 9. b4 a5 10. bxa5 Na6 11. Nd2 f5 12. Nb3 f4 13. Ba3 Rf6 14. c5 g5 15. f3
Bd7 16. Rc1 Rg6 17. c6 bxc6 18. dxc6 Be6 19. Bxa6 Rxa6 20. Nc5 Rxa5 21. Nxe6
Rxe6 22. Qb3 Kf7 23. h3 Ng8 24. Rfd1 Bf8 25. Rd5 Ra6 26. Nb5 Rb6 27. Bb4 Nf6
28. Ba5 Qb8 29. Rxd6 Bxd6 30. Nxd6+ cxd6 31. Qxb6 Qxb6+ 32. Bxb6 Re8 33. Rd1
Ke6 34. a4 Rc8 35. Rc1 d5 36. a5 d4 37. Kf2 Ne8 38. a6 Kd6 39. a7 Nc7 40. Bc5+
Ke6 41. Rb1 1-0

[Event "9eme Open International de La Fere"]
[Site "La Fere (FRA)"]
[Date "2010.07.04"]
[Round "2.5"]
[White "Bardoux, Thierry"]
[Black "Pisk, Petr"]
[Result "1/2-1/2"]
[WhiteElo "2169"]
[BlackElo "2337"]
[PlyCount "49"]
[EventDate "2010.??.??"]

1. d4 d6 2. c4 e5 3. dxe5 dxe5 4. Qxd8+ Kxd8 5. Nc3 Be6 6. e3 Nd7 7. Nf3 f6 8.
Be2 Nh6 9. O-O Nf7 10. b3 a5 11. Bb2 c6 12. Nd2 Be7 13. Na4 Nc5 14. Nxc5 Bxc5
15. Ne4 Be7 16. Nc3 Kc7 17. Rfd1 Rhd8 18. Na4 b6 19. e4 Rxd1+ 20. Rxd1 Nd8 21.
Bc1 Nb7 22. Be3 Nc5 23. Nc3 Nd7 24. Na4 Nc5 25. Nc3 1/2-1/2

[Event "9eme Open International de La Fere"]
[Site "La Fere (FRA)"]
[Date "2010.07.04"]
[Round "2.6"]
[White "Laurent, Bruno"]
[Black "Feryn, Benjamin"]
[Result "1-0"]
[WhiteElo "2336"]
[BlackElo "2034"]
[PlyCount "47"]
[EventDate "2010.??.??"]

1. e4 e5 2. Nf3 Nc6 3. Bb5 Nge7 4. Nc3 g6 5. d4 exd4 6. Nd5 Bg7 7. Bg5 h6 8.
Bf6 Kf8 9. Qd2 d6 10. Bxg7+ Kxg7 11. Bxc6 Nxc6 12. Nxd4 Ne5 13. f4 c6 14. Ne3
Ng4 15. Nxg4 Bxg4 16. O-O Re8 17. Rae1 d5 18. h3 Bd7 19. exd5 cxd5 20. Rxe8
Bxe8 21. f5 Qb6 22. fxg6 fxg6 23. Qf4 Bd7 24. Qe5+ 1-0

[Event "9eme Open International de La Fere"]
[Site "La Fere (FRA)"]
[Date "2010.07.04"]
[Round "2.7"]
[White "Thomas, Olivier"]
[Black "Piankov, Evgenij"]
[Result "0-1"]
[WhiteElo "2060"]
[BlackElo "2324"]
[PlyCount "98"]
[EventDate "2010.??.??"]

1. e4 c6 2. d4 d5 3. e5 Bf5 4. Nf3 e6 5. Be2 c5 6. Be3 Qb6 7. Nc3 Qxb2 8. Nb5
c4 9. Nc7+ Kd7 10. Nxa8 Bxc2 11. Qc1 Bb4+ 12. Bd2 Bxd2+ 13. Nxd2 Qxc1+ 14. Rxc1
Bg6 15. Nxc4 dxc4 16. Bf3 Nc6 17. d5 exd5 18. Bxd5 Nge7 19. Nc7 Kxc7 20. Bxc4
Rd8 21. O-O Bd3 22. Bxd3 Rxd3 23. f4 g6 24. g4 Rd4 25. h3 Rd3 26. f5 gxf5 27.
gxf5 Rxh3 28. Rce1 Rg3+ 29. Kh2 Rg8 30. f6 Ng6 31. e6 fxe6 32. Rxe6 Rf8 33. Re4
Rf7 34. Kg3 Nge5 35. Kh4 Kd6 36. Kg5 Ke6 37. Rh4 Nd7 38. Rhf4 Nce5 39. Ra4 Nxf6
40. Re1 Rg7+ 41. Kh4 b6 42. Ra3 Kd6 43. Rc3 Rg4+ 44. Kh3 Ra4 45. a3 Nd5 46. Rg3
Nc4 47. Rg7 Rxa3+ 48. Kg4 Ne5+ 49. Kf5 Rf3+ 0-1

[Event "9eme Open International de La Fere"]
[Site "La Fere (FRA)"]
[Date "2010.07.04"]
[Round "2.8"]
[White "Forthofer, Robert"]
[Black "Deneuville, Ludovic"]
[Result "1-0"]
[WhiteElo "2303"]
[BlackElo "1968"]
[PlyCount "95"]
[EventDate "2010.??.??"]

1. d4 Nf6 2. c4 c5 3. d5 b5 4. Nf3 bxc4 5. Nc3 d6 6. e4 Nbd7 7. Qa4 g6 8. e5
dxe5 9. Nxe5 Bg7 10. Nc6 Nb6 11. Nxd8+ Nxa4 12. Nxa4 Kxd8 13. Bxc4 Nd7 14. Bd2
Kc7 15. O-O-O Bb7 16. Rhe1 Rae8 17. Bf4+ Kc8 18. Be3 Nb6 19. Bb5 Rd8 20. Bxc5
Nxa4 21. Bxa4 Rxd5 22. Rxd5 Bxd5 23. Rxe7 Bxg2 24. Bxa7 Bh6+ 25. Be3 Bxe3+ 26.
fxe3 Bd5 27. a3 Be6 28. Re8+ Rxe8 29. Bxe8 g5 30. Kd2 h5 31. e4 Kc7 32. Ke3 h4
33. Ba4 Kb6 34. b4 f6 35. Kd4 Bc8 36. Be8 Be6 37. a4 Bc8 38. a5+ Ka6 39. Bc6
Be6 40. e5 f5 41. Bd5 Bxd5 42. Kxd5 g4 43. e6 g3 44. hxg3 h3 45. e7 h2 46. e8=Q
h1=Q+ 47. Kd6 Qh6+ 48. Qe6 1-0

[Event "9eme Open International de La Fere"]
[Site "La Fere (FRA)"]
[Date "2010.07.04"]
[Round "2.9"]
[White "Waquet, Frederic"]
[Black "Fomichenko, Svetlana"]
[Result "0-1"]
[WhiteElo "1976"]
[BlackElo "2217"]
[PlyCount "100"]
[EventDate "2010.??.??"]

1. e4 c5 2. b3 Nc6 3. Bb2 e5 4. f4 exf4 5. Qf3 Qh4+ 6. g3 fxg3 7. hxg3 Qe7 8.
Ne2 d6 9. Nbc3 Nf6 10. O-O-O Bg4 11. Qf4 h5 12. Re1 O-O-O 13. Bh3 Bxh3 14. Rxh3
Qd7 15. Rhh1 Qg4 16. Rh4 Qxf4 17. Rxf4 Ne5 18. Nd5 Nxd5 19. exd5 f6 20. d4 Ng4
21. Re4 g6 22. Nf4 Bh6 23. Kb1 Bxf4 24. Rxf4 Rde8 25. Rfe4 Kd7 26. Re6 Rxe6 27.
dxe6+ Kc7 28. c4 cxd4 29. Bxd4 Re8 30. Kc2 Ne5 31. Kc3 Rxe6 32. b4 a6 33. a4
Kd7 34. Rf1 f5 35. Rd1 Nf3 36. Bc5 Ng5 37. Rd3 Ne4+ 38. Kb3 Nxg3 39. Bxd6 Rxd6
40. Rxg3 h4 41. Rf3 Rf6 42. b5 g5 43. c5 axb5 44. axb5 g4 45. Rd3+ Kc7 46. Re3
f4 47. Re7+ Kc8 48. b6 f3 49. Rc7+ Kb8 50. Rg7 Rf8 0-1

[Event "9eme Open International de La Fere"]
[Site "La Fere (FRA)"]
[Date "2010.07.04"]
[Round "2.10"]
[White "Henris, Luc"]
[Black "Jimenez, Martin"]
[Result "1-0"]
[WhiteElo "2213"]
[BlackElo "1849"]
[PlyCount "52"]
[EventDate "2010.??.??"]

1. e4 c6 2. d4 d5 3. f3 dxe4 4. fxe4 e5 5. Nf3 Bg4 6. Bc4 Nd7 7. O-O Ngf6 8. c3
Bd6 9. Qc2 O-O 10. Nbd2 Qc7 11. h3 Bh5 12. Nh4 Rae8 13. Nf5 Bg6 14. Bd3 Rd8 15.
Nc4 Bxf5 16. Rxf5 h6 17. Be3 Rfe8 18. Raf1 b5 19. Nxd6 Qxd6 20. Qf2 Nc5 21. Qh4
Nxd3 22. Rxf6 gxf6 23. Bxh6 Nf4 24. Rxf4 f5 25. exf5 Qxh6 26. Qxh6 exf4 1-0

[Event "9eme Open International de La Fere"]
[Site "La Fere (FRA)"]
[Date "2010.07.04"]
[Round "2.12"]
[White "Jean, Robert"]
[Black "Colin, Vincent"]
[Result "0-1"]
[WhiteElo "1832"]
[BlackElo "2425"]
[PlyCount "42"]
[EventDate "2010.??.??"]

1. c4 Nf6 2. g3 c5 3. Bg2 d5 4. cxd5 Nxd5 5. d4 cxd4 6. Qxd4 e6 7. Nf3 Nc6 8.
Qd1 Be7 9. O-O O-O 10. e4 Ndb4 11. Qe2 b6 12. Rd1 Ba6 13. Rxd8 Rfxd8 14. Qe3
Rd1+ 15. Bf1 Rxf1+ 16. Kg2 Bc5 17. Qg5 Rxf2+ 18. Kh3 Rxf3 19. Nd2 Rf2 20. b3 h6
21. Qh4 Be7 0-1

[Event "9eme Open International de La Fere"]
[Site "La Fere (FRA)"]
[Date "2010.07.04"]
[Round "2.13"]
[White "Van Foreest, Jorden"]
[Black "Mataigne, Jean-Michel"]
[Result "0-1"]
[WhiteElo "1819"]
[BlackElo "2054"]
[PlyCount "104"]
[EventDate "2010.??.??"]

1. e4 d6 2. d4 Nf6 3. Nc3 g6 4. Bc4 Bg7 5. Nge2 O-O 6. f3 c6 7. Be3 b5 8. Bd3
e5 9. dxe5 dxe5 10. Qd2 Nbd7 11. O-O Qe7 12. Rfb1 a5 13. a4 b4 14. Nd1 Rd8 15.
b3 Nc5 16. Bxc5 Qxc5+ 17. Qe3 Bf8 18. Qxc5 Bxc5+ 19. Kf1 Be6 20. Nb2 Nd7 21.
Bc4 Nb6 22. Bxe6 fxe6 23. Nd3 Bd4 24. Nxd4 exd4 25. f4 Nd7 26. e5 c5 27. Ke2
Rac8 28. Nb2 Nb6 29. Kd3 c4+ 30. Nxc4 Nxc4 31. bxc4 Rc5 32. Re1 Rdc8 33. Re4
Rxc4 34. Ra2 Rc3+ 35. Kd2 R8c4 36. Kd1 Kf7 37. Re2 Ke7 38. g3 Kd7 39. Rd2 Kc6
40. Ke2 Ra3 41. Rb2 Rxa4 42. Rd1 Ra3 43. Kd2 a4 44. Rdb1 Kc5 45. Rd1 Rac3 46.
Ra2 a3 47. Rb1 Rf3 48. Re1 Rcc3 49. Re4 Kc4 50. Re2 Rf1 51. Rg2 b3 52. Rxa3
Rxc2# 0-1